000 00650nam a2200181Ia 4500
005 20250423101737.0
008 250422s9999 xx 000 0 und d
020 _a9781403198884
050 _aPS 3515 .H83/
100 _aHubbard, Ron L.
245 0 _aWriter: the shaping of popular fiction
260 _aCalifornia
260 _bBridge Publications
260 _c2012
300 _a291 p
650 _aHubbard, L. Ron (La Fayette Ron), 1911-1986--Criticism and interpretation. Hubbard, L. Ron (La Fayette Ron), 1911-1986--Manuscripts. Hubbard, L. Ron (La Fayette Ron), 1911-1986--Technique. Creation (Literary, artistic, etc.)
942 _cBK
999 _c37146
_d37146